A case study of project and stakeholder management failures: lessons learned (Record no. 73078)

000 -LEADER
fixed length control field 00488pab a2200169 454500
008 - FIXED-LENGTH DATA ELEMENTS--GENERAL INFORMATION
fixed length control field 180718b2006 xxu||||| |||| 00| 0 eng d
100 ## - MAIN ENTRY--PERSONAL NAME
Personal name Sutterfield, J. Scott
245 ## - TITLE STATEMENT
Title A case study of project and stakeholder management failures: lessons learned
260 ## - PUBLICATION, DISTRIBUTION, ETC.
Date of publication, distribution, etc. 2006
300 ## - PHYSICAL DESCRIPTION
Extent p.26-35.
362 ## - DATES OF PUBLICATION AND/OR SEQUENTIAL DESIGNATION
Dates of publication and/or sequential designation Dec
650 ## - SUBJECT ADDED ENTRY--TOPICAL TERM
Topical term or geographic name entry element Project Management
700 ## - ADDED ENTRY--PERSONAL NAME
Personal name Shivers-Blackwell, Sheryl L.
700 ## - ADDED ENTRY--PERSONAL NAME
Personal name Friday-Stroud, Shawnta
773 ## - HOST ITEM ENTRY
Main entry heading Project Management Journal
909 ## -
-- 73078
Holdings
Withdrawn status Lost status Damaged status Not for loan Permanent Location Current Location Date acquired Serial Enumeration / chronology Barcode Date last seen Price effective from Koha item type
        Indian Institute of Public Administration Indian Institute of Public Administration 2018-07-19 Volume no: 37, Issue no: 5 AR73538 2018-07-19 2018-07-19 Articles

Powered by Koha